Digitálna transformácia v hotelierstve: výzvy a príležitosti pre riadenie hotelov
Cieľom príspevku je zhodnotiť proces digitálnej transformácie v hotelierstve a identifikovať jej hlavné výzvy a príležitosti pre efektívne riadenie hotelov. Príspevok sa zameriava na skúmanie, ako digitálne technológie menia tradičné hotelové procesy, napomáhajú pri zvyšovaní kvality služieb a ovply...
Enregistré dans:
| Auteur principal: | |
|---|---|
| Autres auteurs: | , |
| Format: | Chapitre de livre |
| Langue: | slovaque |
| Sujets: | |
| Tags: |
Pas de tags, Soyez le premier à ajouter un tag!
|
MARC
| LEADER | 00000naa$a2200000$$$4500 | ||
|---|---|---|---|
| 001 | 0314222 | ||
| 005 | 20260120105430.9 | ||
| 041 | 0 | |a slo | |
| 044 | |a SK | ||
| 245 | 1 | 0 | |a Digitálna transformácia v hotelierstve: výzvy a príležitosti pre riadenie hotelov |c Adriana Ferancová, Ľubica Šebová, Klára Chovanová |
| 520 | |a Cieľom príspevku je zhodnotiť proces digitálnej transformácie v hotelierstve a identifikovať jej hlavné výzvy a príležitosti pre efektívne riadenie hotelov. Príspevok sa zameriava na skúmanie, ako digitálne technológie menia tradičné hotelové procesy, napomáhajú pri zvyšovaní kvality služieb a ovplyvňujú spokojnosť hostí. Empirická časť práce vychádza z kvalitatívneho prieskumu s manažérmi dvoch hotelov, ktoré implementovali rôzne digitálne nástroje. Získané výsledky ukazujú, že digitalizácia prispieva k vyššej efektívnosti a personalizácii služieb, no jej implementácia naráža na limity technologickej pripravenosti a školenia personálu. Manažéri zdôraznili potrebu kontinuálneho vzdelávania zamestnancov a posilnenia kybernetickej bezpečnosti. Digitalizácia hotelového prostredia nie je len technologickou, ale aj strategickou a kultúrnou zmenou v riadení hotelov. | ||
| 610 | 2 | 0 | |a transformácia digitálna |
| 610 | 2 | 0 | |a hotelierstvo |
| 610 | 2 | 0 | |a hotely |
| 610 | 2 | 0 | |a kvalita služieb |
| 610 | 2 | 0 | |a inovácie technologické |
| 610 | 2 | 0 | |a implementácia |
| 100 | 1 | |a Ferancová, Adriana, 2000- | |
| 700 | 1 | |a Šebová, Ľubica, 1978- | |
| 700 | 1 | |a Chovanová, Klára | |